Statistics for Ted Cruz States- State Primaries/Caucuses That He Won

Click here to take the quiz!

General Stats

  • This quiz has been taken 76 times
  • The average score is 8 of 10

Answer Stats

State% Correct
Texas
96%
Kansas
88%
Oklahoma
86%
Iowa
84%
Utah
82%
Wyoming
77%
Idaho
75%
Wisconsin
75%
Alaska
70%
Maine
61%

Score Distribution

Percentile by Number Answered

Percent of People with Each Score

Your Score History

You have not taken this quiz